000 00657nam a2200181Ia 4500
008 090124s9999 xx 000 0 und d
082 _b128712
100 _aपंडित विद्यासागर.
245 _a सुपर क्लोन ( विज्ञानकादं.)
250 _a1
260 _c1998
300 _a123
600 _aपंडित विद्यासागर.
630 _a सुपर क्लोन ( विज्ञानकादं.)
700 _aपंडित विद्यासागर.
730 _a सुपर क्लोन ( विज्ञानकादं.)
942 _cBOOK
999 _c174801
_d174801